[Event "Lidkoping Open 2019"]
[Site "Lidkoping"]
[Date "2019.08.25"]
[Round "7.7"]
[White "Ronneland, Daniel"]
[Black "Nordlund, Jim"]
[Result "1-0"]
[WhiteElo "2137"]
[BlackElo "2130"]
[Annotator "NA"]
[PlyCount "64"]
[EventDate "2019.08.19"]
[EventType "swiss"]
[EventCountry "SWE"]
[SourceTitle "playchess.com"]
[Source "ChessBase"]
[SourceQuality "1"]
[TimeControl "2700+10"]

1. d4 {[%emt 0:00:00]} d6 {[%emt 0:00:00]} 2. Nf3 {[%emt 0:01:27]} Nf6 {[%emt 0:01:08]} 3. c4 {[%emt 0:01:02]} Nbd7 {[%emt 0:00:12]} 4. Nc3 {[%emt 0:00:16]} e5 {[%emt 0:00:10]} 5. e4 {[%emt 0:00:48]} Be7 {[%emt 0:00:28]} 6. Be2 {[%emt 0:01:47]} O-O {[%emt 0:03:01]} 7. O-O {[%emt 0:00:09]} c6 {[%emt 0:00:10]} 8. h3 {[%emt 0:00:41]} a6 {[%emt 0:00:36]} 9. a4 {[%emt 0:01:54]} a5 {[%emt 0:00:32]} 10. Be3 {[%emt 0:00:50]} Re8 {[%emt 0:00:21]} 11. Qc2 {[%emt 0:03:18]} Qc7 {[%emt 0:00:38]} 12. d5 {[%emt 0:00:55]} b6 {[%emt 0:03:08]} 13. dxc6 {[%emt 0:03:48]} Qxc6 {[%emt 0:00:05]} 14. Nd5 {[%emt 0:00:27]} Bb7 {[%emt 0:00:43]} 15. Rfc1 {[%emt 0:08:14]} Nc5 {[%emt 0:01:17]} 16. Bxc5 {[%emt 0:01:03]} bxc5 {[%emt 0:01:22]} 17. Nh2 {[%emt 0:03:15]} Rab8 {[%emt 0:02:49]} 18. Ra3 {[%emt 0:00:23]} Ba6 {[%emt 0:00:53]} 19. Rg3 {[%emt 0:00:46]} Qb7 {[%emt 0:02:06]} 20. b3 {[%emt 0:00:33]} Nxd5 {[%emt 0:01:57]} 21. exd5 {[%emt 0:00:18]} Qb4 {[%emt 0:00:36]} 22. Ng4 {[%emt 0:01:47]} Kh8 {[%emt 0:02:44]} 23. h4 {[%emt 0:05:45]} Bc8 {[%emt 0:00:27]} 24. h5 {[%emt 0:01:21]} f5 {[%emt 0:00:27]} 25. Nh2 {[%emt 0:00:28]} Bf6 {[%emt 0:01:00]} 26. Rh3 {[%emt 0:01:00]} Bd7 {[%emt 0:00:47]} 27. g4 {[%emt 0:02:40]} e4 {[%emt 0:01:16]} 28. gxf5 {[%emt 0:00:10]} Bxf5 {[%emt 0:00:04]} 29. Bg4 {[%emt 0:00:02]} Bxg4 {[%emt 0:00:58]} 30. Nxg4 {[%emt 0:00:02]} Bd4 {[%emt 0:00:13]} 31. Kf1 {[%emt 0:00:52]} Rb7 {[%emt 0:01:13]} 32. Re1 {[%emt 0:00:04]} Rbe7 {[%emt 0:00:16]} 1-0

[Event "Lidkoping Open 2019"]
[Site "Lidkoping"]
[Date "2019.08.25"]
[Round "7.8"]
[White "Mattsson, Michael"]
[Black "Blomstrom, Lars"]
[Result "1-0"]
[WhiteElo "2011"]
[BlackElo "2132"]
[Annotator "NA"]
[PlyCount "67"]
[EventDate "2019.08.19"]
[EventType "swiss"]
[EventCountry "SWE"]
[SourceTitle "playchess.com"]
[Source "ChessBase"]
[SourceQuality "1"]
[TimeControl "2700+10"]

1. e4 {[%emt 0:02:13]} e5 {[%emt 0:00:00]} 2. Nf3 {[%emt 0:00:04]} Nc6 {[%emt 0:00:04]} 3. Bc4 {[%emt 0:01:21]} Bc5 {[%emt 0:00:04]} 4. O-O {[%emt 0:00:46]} Nf6 {[%emt 0:00:44]} 5. c3 {[%emt 0:00:44]} Nxe4 {[%emt 0:04:47]} 6. d4 {[%emt 0:00:04]} Bb6 {[%emt 0:00:24]} 7. d5 {[%emt 0:02:29]} Nd6 {[%emt 0:02:50]} 8. dxc6 {[%emt 0:06:43]} Nxc4 {[%emt 0:03:47]} 9. Qd5 {[%emt 0:00:02]} Nd6 {[%emt 0:00:59]} 10. Qxe5+ {[%emt 0:05:07]} Kf8 {[%emt 0:00:10]} 11. a4 {[%emt 0:03:03]} a5 {[%emt 0:01:07]} 12. cxd7 {[%emt 0:03:18]} Bxd7 {[%emt 0:00:21]} 13. Be3 {[%emt 0:01:12]} Bxe3 {[%emt 0:01:55]} 14. Qxe3 {[%emt 0:02:11]} b6 {[%emt 0:04:19]} 15. Ne5 {[%emt 0:01:25]} f6 {[%emt 0:02:39]} 16. Nxd7+ {[%emt 0:01:14]} Qxd7 {[%emt 0:00:03]} 17. Qd4 {[%emt 0:01:16]} Qe6 {[%emt 0:10:30]} 18. Nd2 {[%emt 0:00:44]} Re8 {[%emt 0:00:19]} 19. b4 {[%emt 0:03:54]} Qe5 {[%emt 0:02:31]} 20. Nf3 {[%emt 0:00:25]} Qxd4 {[%emt 0:00:54]} 21. Nxd4 {[%emt 0:00:28]} Nc4 {[%emt 0:03:15]} 22. Rfd1 {[%emt 0:01:27]} Kf7 {[%emt 0:01:28]} 23. Nb5 {[%emt 0:00:22]} Re7 {[%emt 0:00:38]} 24. Rd4 {[%emt 0:00:29]} Rhe8 {[%emt 0:01:41]} 25. h3 {[%emt 0:00:02]} Ne5 {[%emt 0:00:03]} 26. f4 {[%emt 0:00:39]} Ng6 {[%emt 0:00:53]} 27. Rc4 {[%emt 0:00:28]} Re2 {[%emt 0:00:47]} 28. Rxc7+ {[%emt 0:00:56]} Kg8 {[%emt 0:00:01]} 29. Nd6 {[%emt 0:00:29]} R8e3 {[%emt 0:01:18]} 30. Nf5 {[%emt 0:00:13]} Rd3 {[%emt 0:00:16]} 31. Rc8+ {[%emt 0:01:16]} Kf7 {[%emt 0:00:22]} 32. Rc7+ {[%emt 0:00:01]} Kg8 {[%emt 0:00:09]} 33. Nd4 {[%emt 0:02:12]} Re4 {[%emt 0:00:29]} 34. f5 {[%emt 0:01:33]} 1-0

[Event "Lidkoping Open 2019"]
[Site "Lidkoping"]
[Date "2019.08.25"]
[Round "7.9"]
[White "Kleimark, Anders"]
[Black "Andersson, Kjell-Ake"]
[Result "1-0"]
[WhiteElo "2016"]
[BlackElo "1922"]
[Annotator "NA"]
[PlyCount "41"]
[EventDate "2019.08.19"]
[EventType "swiss"]
[EventCountry "SWE"]
[SourceTitle "playchess.com"]
[Source "ChessBase"]
[SourceQuality "1"]
[TimeControl "2700+10"]

1. d4 {[%emt 0:00:01]} Nf6 {[%emt 0:00:00]} 2. c4 {[%emt 0:00:15]} e6 {[%emt 0:00:35]} 3. g3 {[%emt 0:00:07]} Bb4+ {[%emt 0:00:05]} 4. Bd2 {[%emt 0:02:22]} Qe7 {[%emt 0:00:06]} 5. Nf3 {[%emt 0:00:40]} Nc6 {[%emt 0:00:47]} 6. Nc3 {[%emt 0:00:35]} O-O {[%emt 0:00:13]} 7. Bg2 {[%emt 0:00:28]} d6 {[%emt 0:00:25]} 8. d5 {[%emt 0:01:23]} Nb8 {[%emt 0:00:47]} 9. O-O {[%emt 0:02:15]} e5 {[%emt 0:01:05]} 10. Qc2 {[%emt 0:02:46]} a5 {[%emt 0:04:29]} 11. Nh4 {[%emt 0:02:19]} Na6 {[%emt 0:01:15]} 12. a3 {[%emt 0:01:54]} Bxc3 {[%emt 0:01:01]} 13. Bxc3 {[%emt 0:00:20]} b6 {[%emt 0:01:00]} 14. b4 {[%emt 0:01:04]} axb4 {[%emt 0:00:54]} 15. axb4 {[%emt 0:00:31]} Bb7 {[%emt 0:01:37]} 16. Nf5 {[%emt 0:01:13]} Qe8 {[%emt 0:00:31]} 17. f4 {[%emt 0:00:56]} Nd7 {[%emt 0:00:57]} 18. fxe5 {[%emt 0:05:49]} Nxe5 {[%emt 0:01:41]} 19. Qe4 {[%emt 0:05:46]} Rd8 {[%emt 0:03:49]} 20. Qh4 {[%emt 0:03:10]} Ng6 {[%emt 0:01:58]} 21. Qh6 {[%emt 0:02:04]} 1-0

[Event "Lidkoping Open 2019"]
[Site "Lidkoping"]
[Date "2019.08.25"]
[Round "7.10"]
[White "Madebrink, Lars"]
[Black "Magnussen, Pal"]
[Result "1-0"]
[WhiteElo "2147"]
[BlackElo "1983"]
[Annotator "NA"]
[PlyCount "129"]
[EventDate "2019.08.19"]
[EventType "swiss"]
[EventCountry "SWE"]
[SourceTitle "playchess.com"]
[Source "ChessBase"]
[SourceQuality "1"]
[TimeControl "2700+10"]

1. Nf3 {[%emt 0:00:00]} Nf6 {[%emt 0:00:01]} 2. c4 {[%emt 0:00:00]} c5 {[%emt 0:00:23]} 3. Nc3 {[%emt 0:00:00]} Nc6 {[%emt 0:00:24]} 4. d4 {[%emt 0:00:09]} cxd4 {[%emt 0:00:53]} 5. Nxd4 {[%emt 0:00:02]} g6 {[%emt 0:00:40]} 6. Nc2 {[%emt 0:00:06]} Bg7 {[%emt 0:00:17]} 7. e4 {[%emt 0:00:03]} d6 {[%emt 0:00:57]} 8. Be2 {[%emt 0:00:06]} O-O {[%emt 0:00:35]} 9. O-O {[%emt 0:00:07]} Bd7 {[%emt 0:01:38]} 10. Be3 {[%emt 0:03:33]} Ne5 {[%emt 0:03:38]} 11. f3 {[%emt 0:00:39]} a6 {[%emt 0:01:03]} 12. b3 {[%emt 0:01:51]} Rc8 {[%emt 0:01:24]} 13. Qd2 {[%emt 0:01:28]} Qc7 {[%emt 0:02:48]} 14. Nb4 {[%emt 0:02:46]} Nc6 {[%emt 0:01:52]} 15. Nbd5 {[%emt 0:00:35]} Nxd5 {[%emt 0:00:32]} 16. Nxd5 {[%emt 0:00:09]} Qb8 {[%emt 0:00:50]} 17. Rac1 {[%emt 0:01:04]} Be6 {[%emt 0:04:17]} 18. Nb6 {[%emt 0:00:38]} Rcd8 {[%emt 0:00:30]} 19. Rfd1 {[%emt 0:00:05]} f5 {[%emt 0:04:37]} 20. exf5 {[%emt 0:00:33]} Rxf5 {[%emt 0:02:08]} 21. Nd5 {[%emt 0:05:06]} Rf7 {[%emt 0:01:45]} 22. Kh1 {[%emt 0:00:18]} Ne5 {[%emt 0:01:26]} 23. Qa5 {[%emt 0:02:23]} Rc8 {[%emt 0:01:28]} 24. Bg5 {[%emt 0:01:06]} Nc6 {[%emt 0:00:41]} 25. Qd2 {[%emt 0:00:10]} Re8 {[%emt 0:04:03]} 26. Bf1 {[%emt 0:00:11]} Ne5 {[%emt 0:01:21]} 27. Re1 {[%emt 0:00:17]} Bf5 {[%emt 0:01:13]} 28. f4 {[%emt 0:02:53]} Nc6 {[%emt 0:00:28]} 29. h3 {[%emt 0:00:16]} h6 {[%emt 0:01:31]} 30. Bh4 {[%emt 0:00:02]} e5 {[%emt 0:00:36]} 31. Bg3 {[%emt 0:00:41]} Kh7 {[%emt 0:01:20]} 32. Rcd1 {[%emt 0:00:04]} Nd4 {[%emt 0:00:24]} 33. fxe5 {[%emt 0:03:34]} dxe5 {[%emt 0:00:01]} 34. Ne3 {[%emt 0:00:02]} Qc8 {[%emt 0:04:56]} 35. Nxf5 {[%emt 0:00:33]} Nxf5 {[%emt 0:00:00]} 36. Bf2 {[%emt 0:00:24]} e4 {[%emt 0:00:00]} 37. Qd5 {[%emt 0:01:05]} Rfe7 {[%emt 0:00:00]} 38. g4 {[%emt 0:00:57]} e3 {[%emt 0:00:00]} 39. gxf5 {[%emt 0:00:38]} exf2 {[%emt 0:00:00]} 40. fxg6+ {[%emt 0:00:03]} Kh8 {[%emt 0:00:00]} 41. Rxe7 {[%emt 0:00:14]} Rxe7 {[%emt 0:00:00]} 42. Qd8+ {[%emt 0:00:12]} Re8 {[%emt 0:00:00]} 43. Qxc8 {[%emt 0:00:02]} Rxc8 {[%emt 0:00:00]} 44. Kg2 {[%emt 0:00:05]} Be5 {[%emt 0:00:00]} 45. Rd7 {[%emt 0:00:29]} Rc7 {[%emt 0:00:00]} 46. Rd8+ {[%emt 0:00:05]} Kg7 {[%emt 0:00:00]} 47. Bd3 {[%emt 0:00:02]} Bf6 {[%emt 0:00:00]} 48. Rd5 {[%emt 0:00:09]} Bh4 {[%emt 0:00:00]} 49. c5 {[%emt 0:00:34]} Re7 {[%emt 0:00:00]} 50. b4 {[%emt 0:00:18]} Kf6 {[%emt 0:00:00]} 51. Rh5 {[%emt 0:00:36]} Bg5 {[%emt 0:00:00]} 52. h4 {[%emt 0:00:25]} Be3 {[%emt 0:00:00]} 53. Rd5 {[%emt 0:00:12]} Kg7 {[%emt 0:00:38]} 54. h5 {[%emt 0:00:05]} Kf6 {[%emt 0:00:01]} 55. a4 {[%emt 0:01:00]} Rc7 {[%emt 0:00:10]} 56. Rd6+ {[%emt 0:00:22]} Kg7 {[%emt 0:00:02]} 57. Kf3 {[%emt 0:00:13]} Re7 {[%emt 0:00:11]} 58. c6 {[%emt 0:00:24]} bxc6 {[%emt 0:02:58]} 59. Rxc6 {[%emt 0:00:10]} Bd2 {[%emt 0:00:00]} 60. Kxf2 {[%emt 0:00:40]} Bxb4 {[%emt 0:00:00]} 61. Bxa6 {[%emt 0:00:05]} Re5 {[%emt 0:00:00]} 62. Rc7+ {[%emt 0:00:12]} Be7 {[%emt 0:00:00]} 63. Be2 {[%emt 0:00:32]} Kg8 {[%emt 0:00:50]} 64. Kf3 {[%emt 0:01:06]} Bd6 {[%emt 0:00:00]} 65. Bc4+ {[%emt 0:00:19]} 1-0

[Event "Lidkoping Open 2019"]
[Site "Lidkoping"]
[Date "2019.08.25"]
[Round "7.11"]
[White "Nyberg, Arne"]
[Black "Ask, Josef"]
[Result "1/2-1/2"]
[WhiteElo "1967"]
[BlackElo "2136"]
[Annotator "ChessBase"]
[PlyCount "106"]
[EventDate "2019.08.19"]
[EventType "swiss"]
[EventCountry "SWE"]
[SourceTitle "playchess.com"]
[Source "ChessBase"]
[SourceQuality "1"]
[TimeControl "2700+10"]

1. e4 {[%emt 0:00:00]} c6 {[%emt 0:00:00]} 2. d4 {[%emt 0:00:00]} d5 {[%emt 0:00:02]} 3. Nc3 {[%emt 0:00:00]} dxe4 {[%emt 0:00:04]} 4. Nxe4 {[%emt 0:00:01]} Nf6 {[%emt 0:00:09]} 5. Nxf6+ {[%emt 0:00:15]} gxf6 {[%emt 0:00:06]} 6. Bc4 {[%emt 0:00:34]} Bf5 {[%emt 0:00:16]} 7. Ne2 {[%emt 0:00:47]} e6 {[%emt 0:00:27]} 8. Ng3 {[%emt 0:00:17]} Bg6 {[%emt 0:00:07]} 9. c3 {[%emt 0:00:36]} h5 {[%emt 0:00:37]} 10. h4 {[%emt 0:00:08]} Bd6 {[%emt 0:00:13]} 11. Qf3 {[%emt 0:00:51]} Nd7 {[%emt 0:00:16]} 12. Ne4 {[%emt 0:03:41]} Bxe4 {[%emt 0:00:26]} 13. Qxe4 {[%emt 0:00:03]} Qc7 {[%emt 0:00:22]} 14. Qe2 {[%emt 0:01:38]} O-O-O {[%emt 0:00:20]} 15. Be3 {[%emt 0:00:24]} Rdg8 {[%emt 0:00:24]} 16. g3 {[%emt 0:00:16]} Rg4 {[%emt 0:00:17]} 17. O-O-O {[%emt 0:00:13]} f5 {[%emt 0:00:33]} 18. Kb1 {[%emt 0:04:14]} Rhg8 {[%emt 0:00:45]} 19. Qc2 {[%emt 0:00:35]} f4 {[%emt 0:01:33]} 20. gxf4 {[%emt 0:00:05]} Bxf4 {[%emt 0:00:07]} 21. Be2 {[%emt 0:02:36]} Rg2 {[%emt 0:00:18]} 22. Bf3 {[%emt 0:00:08]} R2g7 {[%emt 0:00:40]} 23. Bxh5 {[%emt 0:01:25]} Nb6 {[%emt 0:00:24]} 24. Bf3 {[%emt 0:00:37]} Nc4 {[%emt 0:00:15]} 25. Qe2 {[%emt 0:01:04]} Nxe3 {[%emt 0:00:44]} 26. fxe3 {[%emt 0:00:04]} Bh6 {[%emt 0:00:01]} 27. Qf2 {[%emt 0:00:38]} Qg3 {[%emt 0:00:32]} 28. Qxg3 {[%emt 0:01:05]} Rxg3 {[%emt 0:00:01]} 29. Bh5 {[%emt 0:00:02]} R8g7 {[%emt 0:00:46]} 30. e4 {[%emt 0:00:29]} Re3 {[%emt 0:00:47]} 31. Rde1 {[%emt 0:00:41]} Kd7 {[%emt 0:00:40]} 32. e5 {[%emt 0:00:55]} Ke7 {[%emt 0:00:09]} 33. Rxe3 {[%emt 0:00:14]} Bxe3 {[%emt 0:00:01]} 34. Rf1 {[%emt 0:00:02]} Rh7 {[%emt 0:00:23]} 35. Rf3 {[%emt 0:00:13]} Bd2 {[%emt 0:00:38]} 36. Kc2 {[%emt 0:00:04]} Be1 {[%emt 0:00:06]} 37. Rf1 {[%emt 0:00:48]} Bxh4 {[%emt 0:00:20]} 38. Bf3 {[%emt 0:00:02]} Bg5 {[%emt 0:00:11]} 39. Rh1 {[%emt 0:00:06]} Bh4 {[%emt 0:01:07]} 40. Kd3 {[%emt 0:00:31]} f6 {[%emt 0:00:41]} 41. exf6+ {[%emt 0:00:04]} Kxf6 {[%emt 0:00:03]} 42. a4 {[%emt 0:00:22]} Kg5 {[%emt 0:00:34]} 43. b4 {[%emt 0:01:09]} Kf4 {[%emt 0:00:51]} 44. Bd1 {[%emt 0:01:18]} Kg3 {[%emt 0:00:12]} 45. Bb3 {[%emt 0:00:20]} Re7 {[%emt 0:00:06]} 46. Re1 {[%emt 0:00:12]} e5 {[%emt 0:00:29]} 47. Rxe5 {[%emt 0:00:11]} Rxe5 {[%emt 0:01:13]} 48. dxe5 {[%emt 0:00:02]} Kf4 {[%emt 0:00:02]} 49. e6 {[%emt 0:00:01]} Ke5 {[%emt 0:00:02]} 50. a5 {[%emt 0:01:07]} a6 {[%emt 0:00:09]} 51. Bc4 {[%emt 0:00:09]} Be7 {[%emt 0:00:30]} 52. Bb3 {[%emt 0:00:07]} Bf8 {[%emt 0:00:17]} 53. Ba2 {[%emt 0:00:23]} Be7 {[%emt 0:33:34]} 1/2-1/2

[Event "Lidkoping Open 2019"]
[Site "Lidkoping"]
[Date "2019.08.25"]
[Round "7.12"]
[White "Pavlic, Oliver"]
[Black "Lind, Jan-Olov"]
[Result "0-1"]
[WhiteElo "1856"]
[BlackElo "2164"]
[Annotator "NA"]
[PlyCount "98"]
[EventDate "2019.08.19"]
[EventType "swiss"]
[EventCountry "SWE"]
[SourceTitle "playchess.com"]
[Source "ChessBase"]
[SourceQuality "1"]
[TimeControl "2700+10"]

1. d4 {[%emt 0:00:00]} g6 {[%emt 0:00:00]} 2. c4 {[%emt 0:00:00]} Bg7 {[%emt 0:00:00]} 3. e4 {[%emt 0:00:00]} c5 {[%emt 0:01:08]} 4. d5 {[%emt 0:01:20]} d6 {[%emt 0:00:04]} 5. Nc3 {[%emt 0:00:43]} Nf6 {[%emt 0:00:16]} 6. Nf3 {[%emt 0:01:15]} O-O {[%emt 0:00:37]} 7. Be2 {[%emt 0:00:33]} e6 {[%emt 0:00:21]} 8. h3 {[%emt 0:02:03]} exd5 {[%emt 0:00:18]} 9. cxd5 {[%emt 0:00:03]} Re8 {[%emt 0:00:54]} 10. Nd2 {[%emt 0:00:48]} Na6 {[%emt 0:05:27]} 11. O-O {[%emt 0:01:06]} Nc7 {[%emt 0:00:12]} 12. a4 {[%emt 0:00:28]} Na6 {[%emt 0:01:14]} 13. Re1 {[%emt 0:06:03]} Nb4 {[%emt 0:00:17]} 14. Bf1 {[%emt 0:00:49]} Nh5 {[%emt 0:03:12]} 15. Na2 {[%emt 0:04:40]} Nxa2 {[%emt 0:10:04]} 16. Rxa2 {[%emt 0:00:02]} Nf6 {[%emt 0:05:45]} 17. Ra3 {[%emt 0:05:46]} a6 {[%emt 0:03:13]} 18. Rae3 {[%emt 0:01:43]} Bh6 {[%emt 0:01:16]} 19. Ra3 {[%emt 0:06:45]} Bd7 {[%emt 0:00:55]} 20. f3 {[%emt 0:01:03]} b5 {[%emt 0:01:04]} 21. axb5 {[%emt 0:00:35]} axb5 {[%emt 0:00:03]} 22. Rxa8 {[%emt 0:00:02]} Qxa8 {[%emt 0:00:01]} 23. Nb1 {[%emt 0:00:01]} Bg7 {[%emt 0:01:41]} 24. Na3 {[%emt 0:00:12]} Qb7 {[%emt 0:00:57]} 25. Bf4 {[%emt 0:00:49]} Qb6 {[%emt 0:00:21]} 26. Bg3 {[%emt 0:01:04]} Nh5 {[%emt 0:00:21]} 27. Bf2 {[%emt 0:00:34]} Bxb2 {[%emt 0:01:13]} 28. Nxb5 {[%emt 0:01:56]} Bxb5 {[%emt 0:00:22]} 29. Qb3 {[%emt 0:00:02]} Bd4 {[%emt 0:01:24]} 30. Bxd4 {[%emt 0:00:47]} cxd4 {[%emt 0:00:05]} 31. Qxb5 {[%emt 0:00:03]} Qxb5 {[%emt 0:00:22]} 32. Bxb5 {[%emt 0:00:01]} Rb8 {[%emt 0:00:02]} 33. Bf1 {[%emt 0:00:52]} Rb3 {[%emt 0:01:30]} 34. Rd1 {[%emt 0:00:34]} Rb4 {[%emt 0:00:06]} 35. Rc1 {[%emt 0:01:15]} Kg7 {[%emt 0:01:55]} 36. Rc4 {[%emt 0:01:59]} Rxc4 {[%emt 0:00:05]} 37. Bxc4 {[%emt 0:00:02]} Kf6 {[%emt 0:00:03]} 38. Kf2 {[%emt 0:00:13]} Ke5 {[%emt 0:00:11]} 39. g3 {[%emt 0:00:29]} g5 {[%emt 0:00:11]} 40. Bd3 {[%emt 0:00:12]} h6 {[%emt 0:00:08]} 41. Bc4 {[%emt 0:00:09]} Nf6 {[%emt 0:00:04]} 42. Bd3 {[%emt 0:00:10]} Nd7 {[%emt 0:00:24]} 43. Ke2 {[%emt 0:00:39]} h5 {[%emt 0:00:13]} 44. Bb5 {[%emt 0:00:15]} Nf6 {[%emt 0:00:08]} 45. Bd3 {[%emt 0:00:05]} h4 {[%emt 0:00:06]} 46. g4 {[%emt 0:00:53]} Kf4 {[%emt 0:00:09]} 47. Kf2 {[%emt 0:00:06]} Nd7 {[%emt 0:00:06]} 48. Bb5 {[%emt 0:01:33]} Ne5 {[%emt 0:00:07]} 49. Be2 {[%emt 0:00:13]} f6 {[%emt 0:00:06]} 0-1

[Event "Lidkoping Open 2019"]
[Site "Lidkoping"]
[Date "2019.08.25"]
[Round "7.13"]
[White "Bergre, Joachim"]
[Black "Andersen, Dag"]
[Result "1/2-1/2"]
[WhiteElo "1928"]
[BlackElo "1873"]
[Annotator "NA"]
[PlyCount "53"]
[EventDate "2019.08.19"]
[EventType "swiss"]
[EventCountry "SWE"]
[SourceTitle "playchess.com"]
[Source "ChessBase"]
[SourceQuality "1"]
[TimeControl "2700+10"]

1. Nf3 {[%emt 0:01:30]} d5 {[%emt 0:00:00]} 2. d4 {[%emt 0:00:41]} Nf6 {[%emt 0:00:07]} 3. g3 {[%emt 0:00:19]} e6 {[%emt 0:00:22]} 4. Bg2 {[%emt 0:00:11]} Be7 {[%emt 0:00:19]} 5. O-O {[%emt 0:00:50]} O-O {[%emt 0:00:06]} 6. c4 {[%emt 0:01:03]} b6 {[%emt 0:01:05]} 7. b3 {[%emt 0:00:59]} Bb7 {[%emt 0:00:05]} 8. Bb2 {[%emt 0:00:29]} Nbd7 {[%emt 0:00:12]} 9. Nbd2 {[%emt 0:03:07]} c5 {[%emt 0:01:31]} 10. Rc1 {[%emt 0:02:03]} Rc8 {[%emt 0:00:26]} 11. Re1 {[%emt 0:02:12]} Re8 {[%emt 0:02:23]} 12. e3 {[%emt 0:05:08]} Bf8 {[%emt 0:02:34]} 13. Ne5 {[%emt 0:00:52]} cxd4 {[%emt 0:00:39]} 14. exd4 {[%emt 0:00:19]} Nxe5 {[%emt 0:01:05]} 15. dxe5 {[%emt 0:00:08]} Nd7 {[%emt 0:00:28]} 16. cxd5 {[%emt 0:00:59]} Rxc1 {[%emt 0:01:04]} 17. Qxc1 {[%emt 0:00:08]} Bxd5 {[%emt 0:00:19]} 18. Nc4 {[%emt 0:02:42]} Bxg2 {[%emt 0:01:11]} 19. Kxg2 {[%emt 0:00:01]} Qa8+ {[%emt 0:01:10]} 20. f3 {[%emt 0:02:52]} Rc8 {[%emt 0:01:06]} 21. Qd2 {[%emt 0:01:01]} Nc5 {[%emt 0:01:48]} 22. Rd1 {[%emt 0:01:49]} h6 {[%emt 0:02:20]} 23. Qd4 {[%emt 0:01:59]} Rc7 {[%emt 0:06:48]} 24. Qd8 {[%emt 0:06:08]} Rc8 {[%emt 0:00:43]} 25. Qd4 {[%emt 0:01:09]} Rc7 {[%emt 0:00:06]} 26. Qd8 {[%emt 0:00:25]} Rc8 {[%emt 0:00:06]} 27. Qd4 {[%emt 0:00:08]} 1/2-1/2

[Event "Lidkoping Open 2019"]
[Site "Lidkoping"]
[Date "2019.08.25"]
[Round "7.14"]
[White "Olofsson, Hans-Erik"]
[Black "Nordstrom, Felix"]
[Result "1-0"]
[WhiteElo "1898"]
[BlackElo "2060"]
[Annotator "NA"]
[PlyCount "115"]
[EventDate "2019.08.19"]
[EventType "swiss"]
[EventCountry "SWE"]
[SourceTitle "playchess.com"]
[Source "ChessBase"]
[SourceQuality "1"]
[TimeControl "2700+10"]

1. e4 {[%emt 0:00:00]} c5 {[%emt 0:00:14]} 2. Nf3 {[%emt 0:00:00]} e6 {[%emt 0:00:37]} 3. d4 {[%emt 0:00:06]} cxd4 {[%emt 0:00:07]} 4. Nxd4 {[%emt 0:00:09]} a6 {[%emt 0:00:30]} 5. c4 {[%emt 0:02:26]} Nf6 {[%emt 0:00:11]} 6. f3 {[%emt 0:00:19]} Nc6 {[%emt 0:01:36]} 7. Nc3 {[%emt 0:02:39]} Bb4 {[%emt 0:03:42]} 8. a3 {[%emt 0:04:48]} Bxc3+ {[%emt 0:00:23]} 9. bxc3 {[%emt 0:00:08]} Qc7 {[%emt 0:04:19]} 10. Be2 {[%emt 0:07:23]} d6 {[%emt 0:01:56]} 11. Be3 {[%emt 0:02:36]} O-O {[%emt 0:01:18]} 12. O-O {[%emt 0:00:33]} Bd7 {[%emt 0:05:57]} 13. Bg5 {[%emt 0:01:40]} Ne8 {[%emt 0:01:43]} 14. Bh4 {[%emt 0:03:02]} f6 {[%emt 0:03:05]} 15. Kh1 {[%emt 0:03:44]} Ne5 {[%emt 0:07:12]} 16. Qb3 {[%emt 0:00:31]} Rc8 {[%emt 0:01:09]} 17. Rfc1 {[%emt 0:06:19]} Nxc4 {[%emt 0:01:53]} 18. Bxc4 {[%emt 0:00:43]} Qxc4 {[%emt 0:00:02]} 19. Qxb7 {[%emt 0:00:12]} Rf7 {[%emt 0:01:53]} 20. Qb4 {[%emt 0:01:23]} e5 {[%emt 0:02:17]} 21. Qxc4 {[%emt 0:05:12]} Rxc4 {[%emt 0:00:03]} 22. Nb3 {[%emt 0:00:35]} Be6 {[%emt 0:01:58]} 23. Nd2 {[%emt 0:00:29]} Rc6 {[%emt 0:00:19]} 24. Nf1 {[%emt 0:00:16]} Rfc7 {[%emt 0:00:57]} 25. Be1 {[%emt 0:00:05]} d5 {[%emt 0:01:07]} 26. exd5 {[%emt 0:00:10]} Bxd5 {[%emt 0:00:01]} 27. Ne3 {[%emt 0:00:04]} Be6 {[%emt 0:00:18]} 28. a4 {[%emt 0:00:15]} Kf7 {[%emt 0:00:30]} 29. Kg1 {[%emt 0:00:03]} Nd6 {[%emt 0:00:20]} 30. Ra3 {[%emt 0:01:04]} Nb7 {[%emt 0:01:02]} 31. Kf2 {[%emt 0:01:11]} Nc5 {[%emt 0:00:20]} 32. Ke2 {[%emt 0:00:55]} f5 {[%emt 0:00:57]} 33. Rb1 {[%emt 0:01:00]} Kf6 {[%emt 0:01:26]} 34. Bd2 {[%emt 0:00:01]} Rb7 {[%emt 0:00:28]} 35. Rxb7 Nxb7 {[%emt 0:00:01]} 36. Ra1 {[%emt 0:00:19]} Nc5 {[%emt 0:00:11]} 37. Ra3 {[%emt 0:00:20]} Bb3 {[%emt 0:00:11]} 38. a5 {[%emt 0:00:05]} Be6 {[%emt 0:00:07]} 39. c4 {[%emt 0:00:05]} h5 {[%emt 0:00:43]} 40. Rc3 {[%emt 0:00:09]} Nb7 {[%emt 0:00:12]} 41. Rb3 {[%emt 0:00:14]} Nc5 {[%emt 0:00:18]} 42. Rb6 {[%emt 0:00:04]} Rxb6 {[%emt 0:00:09]} 43. axb6 {[%emt 0:00:01]} f4 {[%emt 0:00:01]} 44. Nd5+ {[%emt 0:00:09]} Bxd5 {[%emt 0:00:06]} 45. cxd5 {[%emt 0:00:01]} g5 {[%emt 0:00:16]} 46. Bb4 {[%emt 0:00:02]} Nb7 {[%emt 0:00:20]} 47. Kd3 {[%emt 0:00:11]} a5 {[%emt 0:00:00]} 48. Ba3 {[%emt 0:00:04]} g4 {[%emt 0:00:05]} 49. Kc4 {[%emt 0:00:04]} h4 {[%emt 0:00:17]} 50. fxg4 {[%emt 0:00:07]} h3 {[%emt 0:00:01]} 51. gxh3 {[%emt 0:00:06]} f3 {[%emt 0:00:01]} 52. Kd3 {[%emt 0:00:09]} e4+ {[%emt 0:00:05]} 53. Ke3 {[%emt 0:00:02]} Ke5 {[%emt 0:00:04]} 54. h4 {[%emt 0:00:04]} Kxd5 {[%emt 0:00:05]} 55. h5 {[%emt 0:00:01]} Ke6 {[%emt 0:00:04]} 56. h6 {[%emt 0:00:06]} Kf6 {[%emt 0:00:05]} 57. g5+ {[%emt 0:00:06]} Kg6 {[%emt 0:00:02]} 58. h4 {[%emt 0:00:01]} 1-0